[Event "V C.to Europeo a squadre femminile"]
[Site "Plovdiv BUL"]
[Date "2003.10.20"]
[Round "9.1"]
[White "Lematschko, Tatjana"]
[Black "Costantini, Laura"]
[Result "1-0"]
[WhiteElo "2292"]
[BlackElo "2075"]
[Annotator "ITA-SUI"]
[PlyCount "101"]
[EventDate "2003.10.11"]

1. d4 Nf6 2. c4 g6 3. Nc3 Bg7 4. e4 d6 5. f3 O-O 6. Be3 Nc6 7. Nge2 a6 8. Qd2
Rb8 9. Rc1 e5 10. dxe5 Nxe5 11. b3 h5 12. h3 Nh7 13. f4 Nc6 14. g3 Re8 15. Bg2
f5 16. exf5 Bxf5 17. O-O Nf6 18. Bf2 Kh7 19. Kh2 Qd7 20. Nd4 Nxd4 21. Bxd4 Ne4
22. Nxe4 Bxe4 23. Bxg7 Qxg7 24. Rce1 Bxg2 25. Kxg2 Rxe1 26. Rxe1 Qf7 27. Qe3 b6
28. g4 Rf8 29. Kf3 hxg4+ 30. hxg4 Kg7 31. Qd4+ Qf6 32. Re7+ Rf7 33. Qxf6+ Kxf6
34. Re8 a5 35. a3 Re7 36. Rf8+ Kg7 37. Rc8 Kf7 38. g5 Ke6 39. Rf8 Rf7 40. Rg8
Kf5 41. Rc8 Ke6 42. Ke4 Re7 43. Rf8 Rg7 44. Rf6+ Kd7 45. f5 gxf5+ 46. Kxf5 Ke7
47. g6 Ke8 48. Kg5 Ke7 49. Rf3 Rg8 50. Rf7+ Kd8 51. g7 1-0